000
00303nam a22001337a 4500
003
SGT
020
_a
9788188012848
082
_a
070
_b
S18K
100
_a
KUNDU, AMALENDU
245
_a
SHADOW OF THE DRAGON AND RECENT DEVELOPMENTS
260
_b
POETS FOUNDATION
_c
2018
300
_a
399
942
_2
ddc
_c
BK
999
_c
28846
_d
28846